000 00569nam a2200205Ia 4500
003 BUBTL
008 151213s9999 xx 000 0 und d
082 _a519.5
_bGOS
100 _aA.M.Goon, M.K.Gupta
245 _aFundamentals of Statistics
_cA.M.Goon, M.K.Gupta
260 _aCalcutta
_c1986
300 _a[xiv] , 557p . :
_bTable ; 22cm .
_cStatistics .
500 _aIncludes Index .
650 _aStatistics
650 _aStatistics
700 _aA.M.Goon, M.K.Gupta
856 _k0
_l0
_yDownload
942 _2ddc
_cBK
999 _c4830
_d4830